000 00419nam a2200157 4500
001 139083
003 ES-MaACL
005 20230906195711.0
007 t|
008 070214s1970 sp r ||||1| baq d
100 1 _aSarasola, Ibon.
_9103768
245 1 0 _aEuskal literaturaren historia /
_cIbon Sarasola.
260 _aDonostia :
_bLur,
_c1970.
300 _a151 p. ;
_c18 cm.
852 _aES-MaACL
_jC-52765
_bR.78472
999 _c139083
_d139083